[Event "9th London Chess Classic 2017"]
[Site "London"]
[Date "2017.12.04"]
[Round "3"]
[White "Aronian, Levon"]
[Black "Karjakin, Sergey"]
[Result "1/2-1/2"]
[WhiteElo "2805"]
[BlackElo "2782"]
[Annotator "TA"]
[PlyCount "65"]
[EventDate "2017.??.??"]
[EventCountry "ENG"]
[SourceTitle "playchess.com"]
[Source "ChessBase"]
[SourceQuality "1"]

{[%evp 18,65,4,0,0,0,13,10,8,0,9,0,12,18,12,5,15,0,0,-33,-36,-30,-26,-52,-29,-22,-22,-26,-25,-26,-26,-20,-27,-27,-31,-32,-33,-32,-27,-24,-14,-96,0,0,0,-28,-23,-25,-20,-252]} 1. d4 Nf6 2. c4 e6 3. g3 Bb4+ 4. Bd2 Be7 5. Bg2 d5 6. Nf3 O-O 7. O-O Nbd7 8. Na3 {E11: Bogo-Indian} c6 9. Rc1 Ne4 10. Be3 {LiveBook: 8 Games} f5 $146 ({Predecessor:} 10... Bxa3 11. bxa3 Nd6 12. c5 Nc4 13. Rxc4 dxc4 14. Qc2 h6 15. Qxc4 b6 {1-0 (43) Aronian,L (2780)-Giri,A (2773) Wijk aan Zee 2017}) 11. Rc2 a5 12. Qc1 Bf6 13. Rd1 g5 14. Nb1 Rf7 15. Nc3 Rg7 16. Ne1 {[%cal Bf3e1,Be1d3,Bd3e5][%mdl 32]} Nd6 17. b3 dxc4 18. Na4 cxb3 19. axb3 Nb5 20. Nd3 Qe8 21. Ne5 f4 22. gxf4 gxf4 23. Bxf4 Nxd4 $1 ({Don't play} 23... Nxe5 $6 24. dxe5 Be7 25. Rcd2 $16) 24. Rxd4 Nxe5 25. Rd1 Qg6 {[%csl Gg7][%cal Rg6g2] [#]} 26. Bg3 h5 {Hoping for ...h4.} 27. Nb6 Rb8 $1 28. Rcd2 Nf7 {White must now prevent ...h4.} 29. Qc5 (29. Qc2 $11 {keeps the balance.} Qxc2 30. Rxc2) 29... e5 (29... h4 $17 30. Qxa5 hxg3 31. hxg3 Qf5) 30. Qc4 $11 {[#] aiming for Rd8+.} ({But not} 30. Nxc8 Rxc8 31. Qb6 h4 $17) 30... Kh8 {Strongly threatening ...h4!} 31. h4 Bf5 {Threatens to win with ...e4.} 32. Nd7 Rbg8 {And now ...Be7 would win.} 33. Kh1 $2 {[%mdl 32768] Precision: White = 58%, Black = 56%. . An unexpected result.} (33. Nxf6 $11 Qxf6 34. Qc5) 1/2-1/2

[Event "9th London Chess Classic 2017"]
[Site "London"]
[Date "2017.12.04"]
[Round "3"]
[White "Nepomniachtchi, Ian"]
[Black "Caruana, Fabiano"]
[Result "1/2-1/2"]
[WhiteElo "2764"]
[BlackElo "2780"]
[Annotator "TA"]
[PlyCount "61"]
[EventDate "2017.??.??"]
[EventCountry "ENG"]
[SourceTitle "playchess.com"]
[Source "ChessBase"]
[SourceQuality "1"]

{[%evp 20,61,20,18,3,8,14,16,18,14,23,-17,-8,-22,0,0,0,0,0,0,0,0,0,0,0,-14,-2,-4,-1,-2,0,0,0,0,0,0,12,8,8,5,12,2,29,29]} 1. Nf3 d5 2. g3 g6 3. Bg2 Bg7 4. O-O e5 5. d3 Ne7 6. e4 O-O 7. exd5 Nxd5 8. Re1 Nc6 9. Nc3 Nde7 {A07: Réti Opening: New York and Capablanca Systems} 10. Rb1 a5 11. a3 {LiveBook: 3 Games} (11. b3 Re8 12. Bb2 Nf5 13. Nb5 a4 14. c4 axb3 15. axb3 Nd6 16. Ra1 Rxa1 17. Bxa1 Nxb5 18. cxb5 {½-½ (31) Carlsen,M (2827)-Vidit,S (2702) Douglas 2017}) 11... Re8 {The position is equal.} 12. b4 axb4 13. axb4 Nf5 14. b5 Ncd4 {[#]} 15. Nd2 $146 ({Predecessor:} 15. Nxd4 Nxd4 {0-1 (44) Bachmann,A (2649)-Henrichs,T (2471) Biel 2016}) 15... Ra7 16. Nde4 h6 17. Nd5 Ra5 ({Not} 17... Qxd5 $2 {[#]} 18. Nf6+ $1 {[%mdl 512]} Bxf6 19. Bxd5 $18) 18. c4 $1 c6 19. bxc6 bxc6 20. Nb6 Qc7 21. Bd2 Ra2 22. Nc3 Ra6 23. Nxc8 Rxc8 24. Ne2 Nxe2+ 25. Rxe2 Nd4 26. Re1 Rd8 27. Bc3 Ra2 28. Ra1 Rxa1 29. Bxa1 Qb6 30. Qa4 Nb3 31. Be4 {Precision: White = 75%, Black = 58%.} 1/2-1/2

[Event "9th London Chess Classic 2017"]
[Site "London"]
[Date "2017.12.04"]
[Round "3"]
[White "Adams, Michael"]
[Black "Vachier-Lagrave, Maxime"]
[Result "1/2-1/2"]
[WhiteElo "2727"]
[BlackElo "2804"]
[Annotator "TA"]
[PlyCount "116"]
[EventDate "2017.??.??"]
[EventCountry "ENG"]
[SourceTitle "playchess.com"]
[Source "ChessBase"]
[SourceQuality "1"]

{[%evp 10,115,22,9,15,-18,-17,-14,-14,-9,-10,-8,0,0,14,22,26,0,0,0,0,0,0,6,10,20,25,22,42,31,40,34,28,0,0,0,0,0,0,-91,-91,-91,-91,-91,-91,-91,-91,-91,-91,-91,-91,-91,-77,-84,-77,-84,-69,-84,-84,-84,-84,-84,-84,-84,-69,-69,-69,-69,-69,-69,-69,-69,-69,-69,-69,-69,-69,-69,-69,-69,-69,-69,-69,-69,-25,-25,-25,-25,-25,-25,-25,-25,-25,-30,-30,-30,-30,-30,-8,-8,-8,-8,-8,-8,0,0,0,0]} 1. e4 c5 2. Nf3 d6 3. Bb5+ Nd7 4. a4 Ngf6 5. Nc3 a6 6. Bc4 {LiveBook: 12 Games. B51: Sicilian: Moscow Variation (3 Bb5+) without 3...Bd7} (6. Bxd7+ Bxd7 7. a5 g6 8. O-O Bg7 9. e5 dxe5 10. Nxe5 O-O 11. d3 Be6 12. Re1 Nd5 13. Bd2 {½-½ (42) Carlsen,M (2837)-Ding,L (2774) Saint Louis 2017}) 6... Qa5 7. Ra3 $146 ({Predecessor:} 7. d3 b5 8. Bb3 e6 9. Bf4 b4 10. Ne2 h6 11. O-O Be7 12. Nd2 Qc7 13. Nc4 {1-0 (75) Grabner,J (2233)-Sueess,F (2265) ICCF email 2013}) 7... e6 8. O-O Be7 9. Re1 O-O 10. d3 Qc7 11. a5 b5 12. axb6 $1 Nxb6 13. e5 dxe5 14. Nxe5 Bd6 15. Bf4 Nxc4 16. dxc4 {aiming for Nb5!} Bb7 17. Bg3 Rad8 18. Qe2 Rfe8 19. Raa1 {[#]} Ne4 $1 {[%mdl 512]} 20. Nxe4 Bxe5 21. Qh5 Bxg3 22. hxg3 Bxe4 23. Rxe4 Qb7 24. Ree1 (24. Rh4 $11 h6 25. b3) 24... Qxb2 $17 25. Qxc5 Rc8 $36 {[%mdl 2048] White is under strong pressure.} (25... Qxc2 $6 26. Rxa6 h6 27. Ra7 $11) 26. Qa3 Qxa3 ({Much worse is} 26... Qxc2 $6 27. Rec1 $11) 27. Rxa3 Rxc4 28. Rxa6 Rxc2 {[%mdl 4096] Endgame KRR-KRR} 29. g4 Rb8 30. Rea1 Rcc8 31. Ra7 g6 32. Kh2 Rc4 33. R1a4 Rxa4 34. Rxa4 {KR-KR} Rb5 35. Kg3 Kg7 36. Ra7 h5 37. gxh5 Rxh5 38. Kf3 $1 Rf5+ 39. Ke3 Rb5 40. g4 Rb3+ 41. Kf4 Rb4+ 42. Kg3 g5 43. f3 Kg6 44. Rc7 Rb6 45. Ra7 Rd6 46. Rc7 f5 47. gxf5+ exf5 48. Rc2 Rd3 49. Kf2 Ra3 50. Rb2 $1 Kh5 51. Kg2 Kh4 52. Rb4+ f4 53. Rb2 $1 g4 54. fxg4 {The position is equal.} Kxg4 55. Kf2 Rh3 {[#] ( -> ...Rh2+)} 56. Kg2 f3+ 57. Kg1 Kg3 58. Rg2+ fxg2 $2 {[%mdl 8192] Precision: White = 73%, Black = 65%.} (58... Kf4 59. Ra2 Rg3+ 60. Kf1 Rg8) 1/2-1/2

[Event "9th London Chess Classic 2017"]
[Site "London"]
[Date "2017.12.05"]
[Round "4"]
[White "Vachier-Lagrave, Maxime"]
[Black "Carlsen, Magnus"]
[Result "1/2-1/2"]
[WhiteElo "2789"]
[BlackElo "2837"]
[Annotator "TA"]
[PlyCount "84"]
[EventDate "2017.??.??"]
[EventCountry "ENG"]
[SourceTitle "playchess.com"]
[Source "ChessBase"]
[SourceQuality "1"]

{[%evp 13,84,21,13,20,26,13,37,39,37,38,31,36,29,29,32,36,33,20,25,11,18,18,8,25,56,67,54,57,58,48,49,49,56,51,59,50,70,60,75,72,83,82,85,90,89,27,59,7,14,12,12,14,16,9,17,14,10,12,18,16,12,19,34,0,0,0,0,0,0,0,0,0,0]} 1. e4 e5 2. Nf3 Nc6 3. Bc4 Bc5 4. c3 Nf6 5. d3 {[%cal Bd2d3,Bd3d4][%mdl 32]} d6 6. O-O O-O 7. Re1 Ne7 {LiveBook: 4 Games. C54: Giuoco Piano: 4 c3 Nf6, main lines with 5 d4 and 5 d3} (7... a5 8. Nbd2 Be6 9. Bb5 Qb8 10. Nf1 Qa7 11. Be3 Bxe3 12. Nxe3 Ne7 13. a4 Ng6 14. Bc4 Bxc4 15. Nxc4 {½-½ (47) So,W (2810)-Ding,L (2777) Tbilisi 2017}) 8. d4 Bb6 9. a4 $146 {[#] Hoping for a5.} ({Predecessor:} 9. h3 Ng6 10. Bd3 h6 11. Be3 c6 12. Nbd2 Bc7 13. c4 Nh5 14. Bf1 Nhf4 15. Qb3 {½-½ (88) Sethuraman,S (2658)-Sevian,S (2589) Stockholm 2016}) 9... c6 10. dxe5 Ng4 11. Rf1 {And now a5 would win.} dxe5 12. Qxd8 Bxd8 13. h3 Nf6 14. Nxe5 Nxe4 15. Re1 Nd6 16. Bb3 Re8 17. Nf3 Nd5 18. Rd1 {[%cal Be1d1,Bd1d5,Bd5e5][%mdl 32]} Ne4 19. Bxd5 cxd5 20. Rxd5 Be6 21. Re5 Nf6 22. Re1 Bc7 23. Na3 {[%cal Bb1a3,Ba3c2,Bc2b4][%mdl 32]} a6 24. Nc2 Nd5 25. c4 Nf4 26. Bxf4 Bxf4 27. b3 Rad8 28. Rad1 Kf8 29. Nb4 ({Better is} 29. Nfd4 $16) 29... Bc7 {[#] ...Ba5 is the strong threat.} 30. Nd3 (30. Nd5 $14 Bxd5 31. Rxe8+ (31. Rxd5 Rxe1+ 32. Nxe1 Rxd5 $11) 31... Kxe8 32. cxd5) 30... Bf5 31. Rxe8+ Kxe8 32. Re1+ Kf8 33. Nc5 Bc8 $1 34. Kf1 Ba5 {Strongly threatening ...b6.} 35. Re3 Rd1+ 36. Ke2 Rb1 $1 37. Ne4 $36 {[%mdl 2048] White has good play.} Rb2+ 38. Kf1 Bf5 {The position is equal.} 39. Nd6 {[%csl Gd6][%cal Re3e8]} Rb1+ 40. Ke2 {[%csl Gd6][%cal Re3e8]} Rb2+ 41. Kf1 {[%csl Gd6][%cal Re3e8]} Rb1+ 42. Ke2 {[%csl Gd6][%cal Re3e8]} Rb2+ {Precision: White = 71%, Black = 68%.} 1/2-1/2

[Event "9th London Chess Classic 2017"]
[Site "London"]
[Date "2017.12.05"]
[Round "4"]
[White "So, Wesley"]
[Black "Adams, Michael"]
[Result "1/2-1/2"]
[WhiteElo "2788"]
[BlackElo "2715"]
[Annotator "TA"]
[PlyCount "62"]
[EventDate "2017.??.??"]
[EventCountry "ENG"]
[SourceTitle "playchess.com"]
[Source "ChessBase"]
[SourceQuality "1"]

{[%evp 21,62,-35,-33,-38,-41,-60,-37,-33,-30,-45,0,0,15,0,0,0,0,0,0,0,0,0,0,0,0,0,0,0,0,0,0,-2,-8,-20,-20,-30,-30,-30,-30,-29,-29,-29,0]} 1. Nf3 d5 2. g3 c5 3. c4 d4 4. b4 cxb4 5. a3 bxa3 6. Bg2 Nc6 7. Bxa3 e5 {A09: Réti Opening: 1 Nf3 d5 2 c4} (7... Nf6 8. d3 e5 9. Bxf8 Kxf8 10. Nbd2 h6 11. O-O g6 12. Qa4 Kg7 13. Rfb1 Re8 14. Ne1 Qc7 15. Qb5 {0-1 (67) Pantsulaia,L (2601)-Korobov,A (2675) Baku 2016}) 8. Bxf8 Kxf8 9. d3 g6 10. O-O Kg7 11. Nbd2 Nf6 {LiveBook: 9 Games} 12. Qb3 h6 13. Qb2 $146 ({Predecessor:} 13. Rfb1 Re8 14. Ne1 Re7 15. Nc2 {0-1 (31) Marholev,D (2383)-Nikolov,M (2550) Panagyurishte 2012}) 13... Re8 14. Ra3 Re7 15. e3 dxe3 (15... Bf5 {looks sharper.} 16. exd4 exd4 17. Nh4 Bg4 18. f3 Bc8) 16. fxe3 Bg4 17. d4 {Threatens to win with d5.} Bxf3 $1 18. Nxf3 exd4 $1 19. exd4 {[%cal Be3d4,Bd4d5][%mdl 32] Black must now prevent d5.} Qd6 20. d5 Ne5 21. Nxe5 Qxe5 22. Qxe5 Rxe5 23. d6 {[#] Strongly threatening Raf3.} Rd8 24. Rxa7 Rxd6 25. Rxb7 Rd7 26. Rb6 Ng4 27. Bh3 h5 28. Bxg4 hxg4 {Black has an edge.} 29. Rb2 Rc5 30. Rc2 Rd4 31. Rf4 Rxf4 {Precision: White = 68%, Black = 64%.} 1/2-1/2

[Event "9th London Chess Classic 2017"]
[Site "London"]
[Date "2017.12.05"]
[Round "4"]
[White "Anand, Viswanathan"]
[Black "Aronian, Levon"]
[Result "1/2-1/2"]
[WhiteElo "2782"]
[BlackElo "2805"]
[Annotator "TA"]
[PlyCount "61"]
[EventDate "2017.??.??"]
[EventCountry "ENG"]
[SourceTitle "playchess.com"]
[Source "ChessBase"]
[SourceQuality "1"]

{[%evp 21,61,18,17,0,33,25,34,11,9,13,44,26,43,26,41,36,40,0,0,0,0,0,0,-17,5,4,8,0,0,0,0,0,0,0,0,0,0,0,0,-22,-22,-22]} 1. e4 e5 2. Nf3 Nc6 3. Bb5 {[%cal Bf1b5,Bb5a4,Ba4b3][%mdl 32]} a6 4. Ba4 Nf6 5. O-O Be7 6. Re1 b5 7. Bb3 O-O 8. h3 Bb7 9. d3 d5 {C88: Closed Ruy Lopez: Anti-Marshall Systems} 10. exd5 Nxd5 11. Nbd2 (11. Nxe5 Nxe5 12. Rxe5 Qd6 13. Re1 Rae8 14. Nd2 c5 15. Ne4 Qc6 16. c4 Nb6 17. cxb5 axb5 18. Qf3 c4 19. dxc4 Qg6 20. Bd2 bxc4 {1-0 (46) Navara,D (2737)-Aronian,L (2799) Saint Louis 2017}) 11... Qd7 {LiveBook: 8 Games} 12. a4 (12. Nxe5 Nxe5 13. Rxe5 Nf6 14. Re1 Rae8 15. Nf3 Bd6 16. Be3 Re7 17. d4 {1-0 (47) Anand,V (2770)-Aronian,L (2830) Khanty-Mansiysk 2014}) 12... Rae8 $146 ({Predecessor:} 12... Rad8 13. axb5 axb5 14. Nxe5 Nxe5 15. Rxe5 Nf4 16. Qg4 Nxg2 17. Qxd7 Rxd7 18. Rxb5 Bc6 19. Rba5 Nf4 20. Ne4 {0-1 (20) Guliyev,N (2557)-Ragger,M (2651) Wroclaw 2014}) 13. axb5 axb5 14. Nxe5 Nxe5 15. Rxe5 Nf6 16. Nf1 Bd6 17. Rxe8 Rxe8 18. Be3 Qf5 19. Qe2 Qg6 {[%csl Gb7][%cal Rg6g2] [#] The position is equal.} 20. f3 Bd5 21. c4 Be6 22. c5 Bxb3 (22... Bxc5 {feels hotter.} 23. Bxc5 Bxb3 24. Qd2 h6 25. Bf2 Nh5) 23. cxd6 cxd6 24. Qd2 h6 25. Bf2 Rc8 26. Ne3 Nd5 27. Nxd5 Bxd5 28. Kh2 Qg5 29. Be3 Qf5 30. Rc1 Rxc1 31. Qxc1 {Precision: White = 56%, Black = 77%.} 1/2-1/2

[Event "9th London Chess Classic 2017"]
[Site "London"]
[Date "2017.12.05"]
[Round "4"]
[White "Nakamura, Hikaru"]
[Black "Nepomniachtchi, Ian"]
[Result "1/2-1/2"]
[WhiteElo "2781"]
[BlackElo "2729"]
[Annotator "TA"]
[PlyCount "64"]
[EventDate "2017.??.??"]
[EventCountry "ENG"]
[SourceTitle "playchess.com"]
[Source "ChessBase"]
[SourceQuality "1"]

{[%evp 16,64,37,18,20,22,23,21,25,9,9,7,10,16,17,16,19,9,14,10,23,14,48,46,43,36,48,48,48,48,48,0,0,0,0,0,0,0,0,0,0,0,10,0,0,0,0,0,0,0,0]} 1. e4 c5 2. Nf3 d6 3. d4 cxd4 4. Nxd4 Nf6 5. Nc3 a6 6. g3 g6 7. Bg2 Bg7 8. O-O O-O 9. b3 {LiveBook: 8 Games} Bd7 {B91: Sicilian Najdorf: 6 g3} (9... Nc6 10. Nxc6 bxc6 11. Bb2 Qa5 12. Na4 Bg4 13. Qe1 Qh5 14. f3 Bh3 15. g4 Qh6 16. Rd1 g5 17. Bc1 Bxg2 18. Kxg2 {0-1 (50) Carlsen,M (2855)-Nakamura,H (2787) Bilbao 2016}) 10. Bb2 Nc6 11. Nd5 Re8 $146 ({Predecessor:} 11... Nxd4 12. Bxd4 Nxd5 13. exd5 Bxd4 14. Qxd4 b5 15. Rfe1 Re8 16. Re3 Rc8 17. c3 {½-½ (72) Zaitsev,I (2450)-Frog,I (2410) Moscow 1997}) 12. c4 (12. a4 {seems wilder.} Nxd5 13. exd5 Bxd4 14. Bxd4 Nxd4 15. Qxd4 Qc7 16. Rfc1) 12... Nxd5 13. exd5 Nxd4 14. Bxd4 b5 15. Bxg7 Kxg7 16. Qd4+ Kg8 17. Rfc1 Qa5 18. h4 h5 19. c5 dxc5 20. Rxc5 Rac8 21. b4 Qb6 22. Rac1 Qd6 23. f4 Ra8 {The position is equal.} 24. Rc7 Rac8 25. Rxc8 Rxc8 26. Rc5 Ra8 27. Qe5 Ra7 28. Rc3 f6 29. Qe3 Ra8 30. Qc5 Rc8 31. Qxd6 exd6 32. Rxc8+ Bxc8 {Precision: White = 77%, Black = 74%.} 1/2-1/2

[Event "9th London Chess Classic 2017"]
[Site "London"]
[Date "2017.12.05"]
[Round "4"]
[White "Karjakin, Sergey"]
[Black "Caruana, Fabiano"]
[Result "0-1"]
[WhiteElo "2760"]
[BlackElo "2799"]
[Annotator "TA"]
[PlyCount "84"]
[EventDate "2017.??.??"]
[EventCountry "ENG"]
[SourceTitle "playchess.com"]
[Source "ChessBase"]
[SourceQuality "1"]

{[%evp 20,84,35,37,31,45,26,24,29,-25,-33,-21,-37,-12,-5,-89,-87,-81,-83,-80,-78,-91,-68,-68,-75,-95,-85,-76,-77,-80,-44,-102,-108,-164,-174,-187,-195,-259,-262,-279,-275,-313,-320,-293,-310,-366,-358,-333,-283,-270,-238,-681,-591,-637,-638,-628,-617,-768,-619,-649,-644,-644,-614,-631,-639,-627,-624]} 1. e4 c5 2. Nf3 e6 3. d4 cxd4 4. Nxd4 Nc6 {[%cal Bb8c6,Bc6e5,Be5g4][%mdl 32]} 5. Nc3 Qc7 6. Be3 a6 7. Qf3 {B48: Sicilian: Taimanov: 5 Nc3 Qc7 6 Be3 a6 without Be2} (7. a3 b5 8. Nxc6 Qxc6 9. Bd3 Bb7 10. O-O Nf6 11. Re1 Rc8 12. Qf3 Bd6 13. Bd4 Qc7 14. Bxf6 gxf6 15. Qh5 Be5 16. Nd1 Ke7 17. c3 Rcg8 18. Ne3 Rg5 19. Qh3 {0-1 (47) Carlsen,M (2837)-Ding,L (2774) Saint Louis 2017}) 7... Ne5 8. Qg3 b5 {[%cal Bb7b5,Bb5b4][%mdl 32]} 9. O-O-O Nf6 10. f4 Neg4 11. Bg1 {LiveBook: 21 Games. Black must now prevent e5.} h5 12. e5 {aiming for h3.} b4 $1 {[%cal Rb4c3]} 13. Na4 Nd5 14. Nb3 (14. Be2 $142) 14... Bb7 $1 $11 {[#]} 15. Nac5 $146 Bc6 $1 16. Ne4 f5 17. h3 (17. exf6 $1 $11 {remains equal.} gxf6 18. h3 Nxf4 19. Qe1) 17... h4 $1 $17 {[%cal Rh4g3]} 18. Qe1 fxe4 19. hxg4 Nxf4 20. Rxh4 Rxh4 21. Qxh4 {And now Qg5 would win.} Qxe5 {...e3 is the strong threat.} 22. Bd4 Ng6 {[%cal Bf4g6,Bg6e5,Be5f3][%mdl 32]} 23. Qh3 {[#]} Qg5+ $1 24. Kb1 Bd5 25. Bg1 (25. Nd2 $15) 25... Be7 26. g3 (26. Be3 $17 Qh4 27. Qxh4 Nxh4 28. Nc5) 26... Ne5 $19 27. Be2 {[#]} Nf3 $1 28. Bxf3 (28. Bb6 {is a better defense.}) 28... exf3 29. Bd4 Kf7 30. Nc1 d6 31. Nd3 e5 {[%cal Be6e5,Be5e4][%mdl 32]} 32. Bf2 Be6 33. Nxb4 e4 ({Don't do} 33... Bxg4 34. Qf1 $19) 34. Qh1 Rc8 {Strongly threatening ...a5.} ({Don't take} 34... Qxg4 35. Nc6 $19) ({Much less strong is} 34... Bxg4 35. Qe1 $17) 35. Nxa6 $2 (35. c3) 35... Qa5 {Black is clearly winning.} 36. Qh5+ Qxh5 37. gxh5 Bg5 38. Re1 Bc4 39. Nb4 Re8 40. Re3 Bxe3 41. Bxe3 Re5 42. g4 {[#]} Rg5 $1 {[%mdl 512] Precision: White = 33%, Black = 87%.} 0-1

[Event "9th London Chess Classic 2017"]
[Site "London"]
[Date "2017.12.06"]
[Round "5"]
[White "Carlsen, Magnus"]
[Black "So, Wesley"]
[Result "1/2-1/2"]
[WhiteElo "2837"]
[BlackElo "2788"]
[Annotator "TA"]
[PlyCount "136"]
[EventDate "2017.??.??"]
[EventCountry "ENG"]
[SourceTitle "playchess.com"]
[Source "ChessBase"]
[SourceQuality "1"]

{[%evp 9,136,9,18,26,19,23,25,19,29,20,30,28,25,0,2,6,34,17,30,25,26,31,32,22,41,39,47,50,41,27,42,27,46,46,44,44,36,35,43,42,35,32,30,34,57,28,36,30,33,39,61,69,57,49,52,50,93,88,77,77,55,59,77,77,77,79,75,79,70,70,75,76,80,74,88,62,55,48,50,22,53,47,54,16,33,31,25,25,21,26,25,31,84,66,102,107,129,96,170,170,151,144,144,144,144,144,144,144,144,144,144,113,79,35,35,35,35,36,37,43,44,33,36,0,0,0,0,0,8]} 1. e4 e5 2. Nf3 Nc6 3. Bb5 Nf6 4. d3 Bc5 5. Bg5 (5. Bxc6 dxc6 6. Nbd2 Be6 7. Qe2 Nd7 8. Nb3 Bb6 9. Ng5 Nf8 10. O-O Bxb3 11. axb3 f6 12. Nf3 Ne6 13. Kh1 Qd7 {0-1 (45) Caruana,F (2802)-Nakamura,H (2786) chess.com INT 2017}) 5... Nd4 6. Nxd4 {C65: Ruy Lopez: Berlin Defence (3...Nf6), unusual lines and 4 0-0 Bc5} Bxd4 7. c3 Bb6 8. Nd2 {White has an edge.} c6 9. Ba4 h6 10. Bh4 d6 $146 ({Predecessor:} 10... O-O 11. O-O d5 12. Kh1 Bc7 {0-1 (31) Schiavon Vendramin,C (1758)-Vicente,C (1500) Altinopolis 2013}) 11. Nc4 Bc7 12. Ne3 Bb6 13. Bb3 g5 14. Bg3 Bxe3 15. fxe3 Bg4 16. Qd2 Nh5 17. O-O O-O 18. Be1 Qe7 19. h3 Be6 20. Qe2 Bxb3 21. Qxh5 Bc2 22. Qe2 $1 {[%cal Re2c2]} Ba4 23. b3 Bb5 24. a4 Ba6 25. b4 b6 26. c4 Bb7 27. a5 f6 28. d4 Qh7 29. c5 bxc5 30. bxc5 Qxe4 31. cxd6 exd4 32. Qc4+ Kg7 33. a6 $1 {[%cal Ra6b7]} Bc8 34. Qxd4 Qxd4 35. exd4 Rb8 36. Bf2 Rf7 37. d5 cxd5 38. Rfc1 d4 39. Bxd4 {Hoping for Rc7.} Bf5 40. Rc7 Rd8 41. Bc5 ({Don't play} 41. Rxa7 Rxd6 42. Rxf7+ Kxf7 $16) 41... Rdd7 42. Rxd7 Rxd7 $16 {[%mdl 4096] Endgame KRB-KRB} 43. Kf2 Be4 44. g4 f5 45. Ke3 Kf6 46. Ra5 Bc2 47. Rb5 Ke6 48. Rb2 f4+ 49. Kd4 Bd1 50. Rb8 f3 (50... h5 $14) 51. Ke3 Kd5 {[#]} 52. Ba3 $1 Be2 {[#]} 53. Rh8 $1 Kc4 (53... Bxa6 $16 {is a better defense.} 54. Rxh6 Bf1) 54. Rxh6 $18 Kb3 55. Bc5 Kc4 56. Bd4 Kd5 57. Rg6 Rxd6 58. Rxg5+ Ke6 {intending ...Rxd4.} 59. Bxa7 {aiming for Rg6+.} Rxa6 60. Bc5 Ra2 61. Kf4 f2 $1 {[%cal Rf2f1]} 62. Re5+ Kf7 $1 63. Rf5+ Kg8 64. Bxf2 {Bd4 is the strong threat.} Bf1 $1 65. Kg3 {Black must now prevent Re5.} Ra3+ 66. Rf3 Rxf3+ {The position is equal.} 67. Kxf3 Bxh3 68. Kf4 Bxg4 {Precision: White = 70%, Black = 61%.} 1/2-1/2

[Event "9th London Chess Classic 2017"]
[Site "London"]
[Date "2017.12.06"]
[Round "5"]
[White "Aronian, Levon"]
[Black "Vachier-Lagrave, Maxime"]
[Result "1/2-1/2"]
[WhiteElo "2805"]
[BlackElo "2789"]
[Annotator "TA"]
[PlyCount "50"]
[EventDate "2017.??.??"]
[EventCountry "ENG"]
[SourceTitle "playchess.com"]
[Source "ChessBase"]
[SourceQuality "1"]

{[%evp 25,50,25,41,38,25,23,29,-24,-39,-118,-116,-115,-35,-14,-10,0,0,0,0,0,0,0,0,0,0,0,0]} 1. d4 Nf6 2. c4 g6 3. f3 d5 4. cxd5 Nxd5 5. e4 Nb6 6. Nc3 Bg7 7. Be3 O-O 8. Qd2 e5 9. d5 c6 {D70: Grünfeld: Unusual White 3rd moves (met by ...d5)} 10. Rd1 (10. h4 cxd5 11. exd5 Na6 12. h5 Nb4 13. hxg6 Bf5 14. gxh7+ Kh8 15. Rd1 Nc2+ 16. Kf2 Nxe3 17. Qxe3 {½-½ (96) Giri,A (2793)-Caruana,F (2794) Moscow 2016}) 10... cxd5 11. exd5 N8d7 12. Nh3 e4 13. fxe4 Ne5 {[#] LiveBook: 3 Games. Threatens to win with ...Bxh3.} 14. Nf2 f5 {[%cal Bf7f5,Bf5f4][%mdl 32] [#]} 15. Bc5 $146 ({Predecessor:} 15. b3 Bd7 16. Be2 Rc8 17. Bd4 {½-½ (36) Heimann,A (2548)-Mikhalevski,V (2536) Lingen 2015}) 15... Rf7 16. Be2 (16. b3 $142) 16... f4 $11 17. Bf3 ({White should play} 17. O-O $15 Nbc4 18. Bxc4 Nxc4 19. Qe2) 17... Nbc4 $17 18. Qe2 b6 (18... Qh4 $17 19. O-O b6) 19. Bd4 $15 Ne3 {The position is equal.} 20. Bxe3 fxe3 21. Qxe3 Qf8 {[%cal Re5f3]} 22. Be2 Bh6 23. Qd4 Bg7 $1 {[#] Strongly threatening ...Ng4.} 24. Qe3 Bh6 25. Qd4 Bg7 $1 1/2-1/2

[Event "9th London Chess Classic 2017"]
[Site "London"]
[Date "2017.12.06"]
[Round "5"]
[White "Caruana, Fabiano"]
[Black "Anand, Viswanathan"]
[Result "1-0"]
[WhiteElo "2799"]
[BlackElo "2782"]
[Annotator "TA"]
[PlyCount "77"]
[EventDate "2017.??.??"]
[EventCountry "ENG"]
[SourceTitle "playchess.com"]
[Source "ChessBase"]
[SourceQuality "1"]

{[%evp 15,77,-9,7,0,3,-20,-8,-8,-2,14,-5,-16,-8,-16,0,-21,-21,-45,-37,-38,-48,-40,-37,-77,-57,-73,0,-39,-43,-43,-37,-40,-47,-45,-37,-31,-8,-14,-33,-24,0,0,2,0,0,2,2,0,0,0,36,40,200,153,153,166,1026,1026,978,893,616,185,477,471]} 1. e4 e5 2. Nf3 Nc6 3. Bb5 Nf6 {[%cal Bg8f6,Bf6d7,Bd7c5,Bc5e6,Be6d4][%mdl 32]} 4. d3 Bc5 5. Nc3 {[%cal Bb1c3,Bc3e2,Be2g3,Bg3f5][%mdl 32]} O-O 6. Bxc6 {C48: Four Knights: 4 Bb5, replies other than 4...Bb4} dxc6 7. h3 Nd7 8. Be3 Bd6 {LiveBook: 4 Games} 9. Ne2 Re8 $146 ({Predecessor:} 9... c5 10. Ng3 Nb8 11. Nf5 Nc6 12. g4 Be6 13. Ng5 a5 {½-½ (41) So,W (2788)-Dominguez Perez,L (2739) Saint Louis 2017}) 10. g4 Nc5 11. Ng3 Ne6 12. Nf5 c5 13. h4 a5 14. h5 Ra6 15. Qd2 Nd4 16. Rh3 Bf8 17. O-O-O Be6 18. Kb1 f6 19. c3 {[%cal Re3d4]} Nxf3 20. Rxf3 c4 (20... h6 $1 $17) 21. Qc2 cxd3 22. Rxd3 Qc8 23. g5 fxg5 24. Bxg5 Bf7 25. h6 gxh6 26. Bc1 Qe6 {[%csl Gf7][%cal Re6a2]} 27. b3 {[#]} a4 $1 {[%cal Ra4b3][%mdl 512]} 28. c4 (28. bxa4 Rea8) 28... axb3 29. axb3 Qc6 {White must now prevent ...Rea8.} 30. Rg3+ Kh8 $132 {[%mdl 2048] Black is not keeping still} 31. Rd1 b5 {[%cal Rb5c4]} 32. c5 b4 33. Bb2 {Hoping for Rd8!} Bg6 $2 {[#]} (33... Bxc5 $2 34. Rd8 $1 $18 {[%mdl 512]}) (33... Qxc5 $14 34. Qxc5 Bxc5) 34. Rd5 $1 $18 (34. f4 Bxc5 35. Qc4 (35. Bxe5+ $2 Rxe5 36. Rd8+ Re8 $17) (35. fxe5 Bf8 $16) 35... Bf8) 34... Qb5 (34... Bxf5 35. Rxe5 Rxe5 36. Bxe5+ Bg7 37. Rxg7 $18) 35. Rg1 ({Reject} 35. Rxe5 $6 Qf1+ 36. Qc1 Qxc1+ 37. Kxc1 Rxe5 $11) 35... c6 $2 (35... Kg8 36. Qd2 (36. Rxe5 Rxe5 37. Bxe5 Bxc5 $16) (36. Bxe5 c6 $17) 36... Rae6) 36. Rxe5 Rxe5 37. Bxe5+ Kg8 38. Bd4 $2 (38. Bb2) 38... Kf7 $2 (38... Ra7 39. Nd6 Qa6) 39. Nh4 {Precision: White = 62%, Black = 50%.} 1-0